Tribute : (Record no. 14836)

MARC details
000 -LEADER
fixed length control field 00716nam a2200217 a 4500
003 - CONTROL NUMBER IDENTIFIER
control field PILC
005 - DATE AND TIME OF LATEST TRANSACTION
control field 20160306115443.0
008 - FIXED-LENGTH DATA ELEMENTS--GENERAL INFORMATION
fixed length control field 040318s2001 xx 00 eng dc
010 ## - LIBRARY OF CONGRESS CONTROL NUMBER
LC control number Acc#34226
020 ## - INTERNATIONAL STANDARD BOOK NUMBER
International Standard Book Number 9712711099
050 ## - LIBRARY OF CONGRESS CALL NUMBER
Classification number Fil PL 6171.4
Item number T731 2001
040 ## - CATALOGING SOURCE
Transcribing agency Philippine Baptist Theological Seminary
100 1# - MAIN ENTRY--PERSONAL NAME
Personal name Tribute
245 ## - TITLE STATEMENT
Title Tribute :
Remainder of title an anthology of contemporary Philippine fiction /
Statement of responsibility, etc. edited by Timothy R. Montes and Cesar Ruiz Aquino.
260 ## - PUBLICATION, DISTRIBUTION, ETC (IMPRINT)
Place of publication, distribution, etc. Pasig City, Phils. :
Name of publisher, distributor, etc. Anvil Publishing, Inc,
Date of publication, distribution, etc. c2001.
300 ## - PHYSICAL DESCRIPTION
Extent xiii, 350 p. : 22cm.
650 ## - SUBJECT ADDED ENTRY--TOPICAL TERM
Topical term or geographic name as entry element PHILIPPINE FICTION (ENGLISH)
700 ## - ADDED ENTRY--PERSONAL NAME
Personal name Montes, Timothy R., ed.
700 ## - ADDED ENTRY--PERSONAL NAME
Personal name Cesar Ruiz Aquino, jt. ed.
942 ## - ADDED ENTRY ELEMENTS (KOHA)
Koha item type Circulation Books
Source of classification or shelving scheme Library of Congress Classification
Holdings
Withdrawn status Lost status Source of classification or shelving scheme Damaged status Not for loan Home library Current library Shelving location Date acquired Total Checkouts Full call number Barcode Date last seen Price effective from Koha item type
    Dewey Decimal Classification     PBTS Library PBTS Library Filipiniana Section 03/18/2004   Fil PL 6171.4 T731 2001 34226 02/04/2026 04/02/2015 Circulation Books

Philippine Baptist Theological Seminary | 19 Tacay Road, Central Guisad, Baguio City 2600, Philippines